Manual para coordinación de fusibles en la red de media tensión /
Na minha lista:
| Autor principal: | |
|---|---|
| Outros Autores: | |
| Formato: | Livro |
| Idioma: | Spanish |
| Publicado em: |
2012
|
| Assuntos: | |
| Tags: |
Adicionar Tag
Sem tags, seja o primeiro a adicionar uma tag!
|
MARC
| LEADER | 00000nam a22000007a 4500 | ||
|---|---|---|---|
| 003 | 011721 | ||
| 005 | 20230622114934.0 | ||
| 008 | 151001b2012 cr a|||| |||| 00| ||spa d | ||
| 040 | |c cru CEDI | ||
| 100 | |9 1268 |a Guzmán Mora, Gilberto A. | ||
| 245 | |a Manual para coordinación de fusibles en la red de media tensión / | ||
| 260 | |c 2012 | ||
| 500 | |a Proyecto de graduación (bachilerato en ingeniería eléctrica)--Universidad de Costa Rica. Facultad de Ingeniería. Escuela de Ingeniería Eléctrica | ||
| 501 | |a Profesora Guía de IE-0502 Proyecto Eléctrico: Ing. Marta Garro Rojas | ||
| 648 | |x ENERGIA ELECTRICA |x DISTRIBUCION DE ENERGIA ELECTRICA |x SISTEMAS DE ENERGIA ELECTRICA |x CONDUCTORES ELECTRICOS |9 1269 | ||
| 700 | |9 730 |a Garro Rojas, Marta |d Directora de Proyecto Eléctrico | ||
| 942 | |c CEDI |h TFG 6891 |6 TFG_6891_000000000000000 | ||
| 999 | |c 14054 |d 14054 | ||
